| 000 | 01161nam0a22002531 4500 | ||
|---|---|---|---|
| 001 | rc\158016 | ||
| 005 | 20030307112813.5 | ||
| 035 | _a(NLR Aleph) 005424328 | ||
| 090 |
_a7509506 _c7509506 |
||
| 100 | _a20030307d1996 u |0rusy50 ca | ||
| 101 | 0 | _arus | |
| 102 | _aRU | ||
| 105 | _aa ||||||||| | ||
| 200 | 1 |
_aМетодические рекомендации по предотвращению травмирования работников локомотивных депо на железнодорожных путях _fМ-во путей сообщ. Рос. Федерации. Гл. упр. локомотив. хоз-ва _g[Разраб. А.Н. Бычков, П.С. Комарова] |
|
| 205 | _a[Офиц. изд.] | ||
| 210 |
_aМ. _cТранспорт _d1996 |
||
| 215 |
_a10, [1] с. _cсхем. _d20 |
||
| 702 | 1 |
_aБычков _bА. Н. _gАнатолий Николаевич _4570 |
|
| 712 | 0 | 1 |
_aРоссийская Федерация _bГлавное упр. локомотивного хозяйства _3RU\NLR\AUTH\889937634 |
| 801 | 0 |
_aRU _bNLR _gpsbo |
|
| 801 | 1 |
_aRU _bELAR _2rusmarc |
|
| 852 |
_aNLR _j96-6/1616 |
||
| 942 | _cBOOK | ||
| 980 | _aNB | ||